Consumer´s behaviour in conditions of changing values in Russia

Trh tovarov a služieb v Rusku sa dynamicky mení. Evolúcia správania zákazníka za krátky časový úsek. Výskumy danej problematiky. Vypracovanie nových modelov spotrebiteľského správania. Analýza politiky riadenia. Nový pohľad na potreby zákazníka.

Gespeichert in:
Bibliographische Detailangaben
1. Verfasser: Pinogorsky, Dmitry
Format: Buchkapitel
Sprache:Englisch
Schlagworte:
Tags: Tag hinzufügen
Keine Tags, Fügen Sie das erste Tag hinzu!

MARC

LEADER 00000nla$a2200000$$$4500
001 0111175
005 20221207081515.3
041 0 |a eng 
044 |a SK 
245 1 0 |a Consumer´s behaviour in conditions of changing values in Russia  |c Dmitry Pinogorsky 
520 |a Trh tovarov a služieb v Rusku sa dynamicky mení. Evolúcia správania zákazníka za krátky časový úsek. Výskumy danej problematiky. Vypracovanie nových modelov spotrebiteľského správania. Analýza politiky riadenia. Nový pohľad na potreby zákazníka. 
610 2 0 |a Rusko 
610 2 0 |a trh tovarový 
610 2 0 |a služby 
610 2 0 |a efektívnosť podnikania 
610 2 0 |a behaviorizmus 
610 2 0 |a správanie spotrebiteľa 
610 2 0 |a analýza trhu 
100 1 |a Pinogorsky, Dmitry